000 00534nam a22001817a 4500
999 _c6121
_d6121
003 AR-CdUCM
008 190313b ||||| |||| 00| 0 spa d
040 _aMUNICIPALIDAD PROVINCIAL DEL CUSCO
_cBIBLIOTECA MUNICIPAL DEL CUSCO
082 _a869.56 /
_bC26
100 _aCarrillo, Francisco
_916973
245 _aCristo se ha llevado toda la humanidad del mundo /
260 _aLima :
_bEl Timonel,
_c1961.
300 _a21 páginas ;
_c14 cm.
505 _aPoesía.
650 _aPoesía.
_9139
942 _2ddc
_cLIBROS
945 _awfj